BIBLIOTECA PODER JUDICIAL
Portal Judicial TDF

Algunos aspectos de la cesión de derechos hereditarios. Vivienda familiar / (Registro nro. 6061)

000 -LEADER
fixed length control field 01155nab a22002417a 4500
003 - CONTROL NUMBER IDENTIFIER
control field OSt
005 - DATE AND TIME OF LATEST TRANSACTION
control field 20260121000734.0
008 - FIXED-LENGTH DATA ELEMENTS--GENERAL INFORMATION
fixed length control field 190514b xxu||||| |||| 00| 0 spa d
040 ## - CATALOGING SOURCE
Transcribing agency PJ
100 ## - MAIN ENTRY--PERSONAL NAME
9 (RLIN) 6842
Personal name Romero, Analía Victoria
245 10 - TITLE STATEMENT
Title Algunos aspectos de la cesión de derechos hereditarios. Vivienda familiar /
Statement of responsibility, etc Analía Victoria Romero.
300 ## - PHYSICAL DESCRIPTION
Extent p. 245-252
500 ## - GENERAL NOTE
General note Cita: TR LALEY AR/DOC/255/2024.
505 ## - FORMATTED CONTENTS NOTE
Formatted contents note Sumario: I. Antecedentes del caso. Relato de los hechos. Cuestiones relevantes.— II. Inhibición del Juzgado de competencia no familiar.— III. Sentencia.— IV. Comentario del fallo.
505 ## - FORMATTED CONTENTS NOTE
Title Fallo comentado: Juz. Civ. en Flia y Suc., Monteros ~ 30/06/2023 ~ L., B. R. c. S., Y. F. D. V. s/ inhibición y/o excusación.
650 #0 - SUBJECT ADDED ENTRY--TOPICAL TERM
9 (RLIN) 967
Topical term or geographic name as entry element DERECHO DE FAMILIA
650 #0 - SUBJECT ADDED ENTRY--TOPICAL TERM
9 (RLIN) 888
Topical term or geographic name as entry element SUCESIONES
650 #0 - SUBJECT ADDED ENTRY--TOPICAL TERM
9 (RLIN) 3433
Topical term or geographic name as entry element CESIÓN DE DERECHOS
650 #0 - SUBJECT ADDED ENTRY--TOPICAL TERM
9 (RLIN) 5362
Topical term or geographic name as entry element VIVIENDA FAMILIAR
650 #0 - SUBJECT ADDED ENTRY--TOPICAL TERM
9 (RLIN) 1057
Topical term or geographic name as entry element JURISPRUDENCIA APLICABLE
773 0# - HOST ITEM ENTRY
Host Biblionumber 2844
Host Itemnumber 3222
Place, publisher, and date of publication Buenos Aires : AbeledoPerrot, 1989-
Title Derecho de familia. Revista Interdisciplinaria de doctrina y jurisprudencia. Abril 2024-II.
International Standard Book Number 18511201
942 ## - ADDED ENTRY ELEMENTS (KOHA)
Source of classification or shelving scheme
Koha item type Analítica Artículo de Revista

No hay ítems disponibles.

12 de Octubre 789 Ushuaia - Tel:  54(02901)441571
Horario de Atención: 8.00 a 17.00 hs. 
bibliotecaush@justierradelfuego.gov.ar
koha@justierradelfuego.gov.ar
Seguinos en nuestras redes @bibliojustdf 

Con tecnología Koha